|
|
|
|
| LEADER |
00000nab a2200000 a 4500 |
| 001 |
vtls010739024 |
| 003 |
SK-MaSNL |
| 005 |
20260304194835.0 |
| 008 |
250709s2006 xo |||||||||||||||||slo| |
| 035 |
|
|
|a (urnnbn)urn:nbn:sk:snk:ar-a05nw9
|
| 035 |
|
|
|a (uuid)895952d0-ea08-4775-8514-bb9acb0b52f4
|
| 035 |
|
|
|a urn:nbn:sk:snk-ab3ztz
|
| 040 |
|
|
|a SNKBUCL
|b slo
|c SNKBUCL
|e AACR2
|
| 041 |
0 |
|
|a cze
|
| 044 |
|
|
|a xo
|c SK
|
| 100 |
1 |
|
|a Vašátková, Ivana
|4 aut
|9 1528354
|
| 245 |
1 |
0 |
|a NAPLŇOVÁNÍ AKREDITAČNÍCH STANDARDŮ SPOJENÉ AKREDITAČNÍ KOMISE ČR VE FAKULTNÍ NEMOCNICI HRADEC KRÁLOVÉ
|c Ivana Vašátková
|
| 773 |
0 |
|
|t Nozokomiálne nákazy : odborný časopis
|g Roč. 5, č. 4 (2006), s. 35-40
|
| 850 |
|
|
|a Slovenská národná knižnica
|
| 852 |
|
|
|a Slovenská národná knižnica
|
| 958 |
|
|
|a article1
|
| 958 |
|
|
|a OND
|
| 958 |
|
|
|a EUIPO
|
| 999 |
|
|
|c 3077176
|d 3079106
|